Guess these Random Countries without any Clues (Africa) - Statistics

General Stats
  • This quiz has been taken 11 times
  • The average score is 10 of 12
Answer Stats
Answer % Correct
Algeria
100%
Angola
100%
Benin
100%
Botswana
100%
Cameroon
100%
Cape Verde
100%
Central African Republic
100%
Chad
100%
Comoros
100%
Djibouti
100%
Egypt
100%
Eritrea
100%
Eswatini
100%
Ethiopia
100%
Gabon
100%
Kenya
100%
Lesotho
100%
Libya
100%
Madagascar
100%
Mali
100%
Mauritius
100%
Morocco
100%
Mozambique
100%
Niger
100%
Nigeria
100%
Republic of the Congo
100%
Rwanda
100%
São Tomé and Príncipe
100%
Senegal
100%
Seychelles
100%
Sierra Leone
100%
South Sudan
100%
Sudan
100%
Togo
100%
Tunisia
100%
Zambia
100%
Liberia
75%
Somalia
75%
Equatorial Guinea
67%
Zimbabwe
67%
Ghana
50%
Guinea
50%
Guinea-Bissau
50%
Mauritania
50%
Tanzania
50%
Burkina Faso
0%
Burundi
0%
"Democratic Republic
0%
Gambia
0%
Ivory Coast
0%
Malawi
0%
Namibia
0%
of the Congo"
0%
South Africa
0%
Uganda
0%
No matching quizzes found
Score Distribution
Percent of People with Each Score
Percentile by Number Answered
Your Score History
You have not taken this quiz